000 00498nmm a2200169Ia 4500
008 251105s9999||||xx |||||||||||||||||und||
020 _a9788492521852
041 _aspa
100 _aCannizaro, Estanislao
245 0 _aCompendio de un curso de filosofía química
264 _a[Madrid, España] :
_bPrensas Universitarias de Zaragoza,
_c2009
300 _a139 páginas
490 _aClásicos
650 _aSciences
856 _uhttps://public.digitaliapublishing.com/a/6349
942 _cCF
999 _c88882
_d88882